000 01003nam a2200217Ii 4500
003 JO-AjNU
008 230605s9999||||xx |||||||||||||| ||und||
017 _a1988/7/371
040 _aJO-AjNU
_bara
_erda
_cJO-AjNU
041 _aara
050 1 4 _aKMM12.9.J67 1988
100 3 _aإعداد الزعبي، خالد سمارة,
_eauthor
_947110
245 0 0 _aمجموعة التشريعات الإدارية: القوانين والأنظمة المعمول بها في وزارة الداخلية والمتعلقة بنظام الإدارة المحلية في المملكة الأردنية الهاشمية
250 _aط2( منقحة ومعدلة حتى عام 1988)
264 3 1 _aعمان: المؤلف، 1988
300 _a823ص
336 _atext
_btxt
_2rdacontent
337 _aunmediated
_bn
_2rdamedia
338 _avolume
_bnc
_2rdacarrier
650 4 _aالقانون الاداري - الاردن - الادارة المحلية - قوانين وتشريعات - الاردن
_947111
999 _aA20542
_c24110
_d24110